书目信息 |
| 题名: |
建筑力学
|
|
| 作者: | 袁旭东 , 黄梅 主编 | |
| 分册: | ||
| 出版信息: | 北京 中国建材工业出版社 2010.08 |
|
| 页数: | 179页 | |
| 开本: | 26cm | |
| 丛书名: | 高职高专建筑工程技术专业系列教材 | |
| 单 册: | ||
| 中图分类: | TU311 | |
| 科图分类: | ||
| 主题词: | 建筑结构--结构力学--高等职业教育--教材 | |
| 电子资源: | ||
| ISBN: | 978-7-80227-807-3 | |
| 000 | 00867nam0 2200253 450 | |
| 001 | 1244428955 | |
| 005 | 20120408122111.45 | |
| 010 | @a978-7-80227-807-3@dCNY22.00 | |
| 100 | @a20101105d2010 y0chiy0110 ea | |
| 101 | 0 | @achi |
| 102 | @aCN@b110000 | |
| 105 | @ay z 000yy | |
| 200 | 1 | @a建筑力学@9jian zhu li xue@f黄梅,袁旭东主编 |
| 210 | @a北京@c中国建材工业出版社@d2010.08 | |
| 215 | @a179页@d26cm | |
| 225 | 2 | @a高职高专建筑工程技术专业系列教材 |
| 330 | @a本书介绍了物体受力的分析方法和物体在力作用下的平衡问题,杆件结构的反力、内力、内力图的绘制以及强度和刚度问题,构件的稳定性计算问题等。 | |
| 461 | 0 | @12001@a高职高专建筑工程技术专业系列教材 |
| 606 | 0 | @a建筑结构@x结构力学@x高等职业教育@j教材 |
| 690 | @aTU311@v4 | |
| 701 | 0 | @a袁旭东@9yuan xu dong@4主编 |
| 701 | 0 | @a黄梅@9huang mei@4主编 |
| 801 | 0 | @aCN@bSG11@c20101105 |
| 905 | @aZUCC@dTU311@eY910 | |
| 建筑力学/黄梅,袁旭东主编.-北京:中国建材工业出版社,2010.08 |
| 179页;26cm.-(高职高专建筑工程技术专业系列教材) |
| ISBN 978-7-80227-807-3:CNY22.00 |
| 本书介绍了物体受力的分析方法和物体在力作用下的平衡问题,杆件结构的反力、内力、内力图的绘制以及强度和刚度问题,构件的稳定性计算问题等。 |
| ● |
| 相关链接 |
|
|
|
正题名:建筑力学
索取号:TU311/Y910
 
预约/预借
| 序号 | 登录号 | 条形码 | 馆藏地/架位号 | 状态 | 备注 |
| 1 | 485987 | 204859876 | 土木与交通工程学院资料室/ [索取号:TU311/Y910] | 在馆 |